000
00309nam a2200121Ia 4500
008
190216s9999||||xx |||||||||||||| ||und||
100
_a
Jain S K&Amp; Mehta D M
245
0
_a
Operations Research(Theory And Applications)
260
_b
Null
_c
2000
300
_a
495p
650
_a
Operation Research
942
_c
BK
999
_c
5764
_d
5764